1878 1468 1306 1985 1631 1298 1704 1019 1311 1343 1013 1225 1889 1707 1354 1619 1556 1914 1401 1368 1119 1881 1578 1114 1924 1697 1045 1953 1723 1681 1619 1308 1387 1037 1120 1821 1072 1064 1601 1538 1636 1461 1157 1616 1072 1957 1597 1867 1487 1773 1310 1848 1294 1031 1090 1418 1805 1407 1294 1843 1320 1058 1064 1901 1829 1158 1265 1521 1918 1454 1123 1734 1752 1891 1163 1413 1532 1400 1396 1147 1973 1364 1311 1798 1439 1236 1123 1491 1110 1922 1114 1758 1807 1242 1457 1428 1695 1669 1679 BCNSPRNW ULIB Ver.6.0+V

เปลี่ยนเป็นภาษาไทย

Change to English
 แสดงรายละเอียดบรรณานุกรม
  กลับหน้าหลัก

Brief Record : Get Marc (ISO 2709) : E-mail record : QR code < ปิดหน้าต่าง
LEADER : 00000nam 2200000uu 4500
001    13399128833
003     ULIB
008    241009s2565||||th 000 0 tha d
020 ^- ^a9786162962677
050 ^- ^aBJ 1528.T5^bก137ค
100 0^ ^aกมลวรรณ คารมปราชญ์ คล้ายแก้ว
245 10 ^aคุณธรรมจริยธรรมในสังคมไทยยุค 4.0 : แนวคิด ทฤษฎี งานวิจัย และแนวทางการพัฒนา /^cกมลวรรณ คารมปราชญ์ คล้ายแก้ว.
250 ^- ^aพิมพ์ครั้งที่ 1.
260 ^- ^aกรุงเทพฯ :^bสำนักงานนวัตกรรมการเรียนรู้ มหาวิทยาลัยศรีนครินทรวิโรฒ,^c2565.
300 ^- ^a264 หน้า :^bตาราง, แผนภาพ ;^c26 ซม.
650 ^4 ^aจริยธรรมแง่สังคม
650 ^4 ^aคุณธรรมแง่สังคม
650 ^4 ^aมนุษย์กับสังคม
945    ^p299^l0^i011046
945    ^p299^l0^i011047
945    ^p299^l0^i011048
999    ^aประนอม เกษจรัล
รายการนี้ยังไม่มีแท็ก
คุณยังไม่ได้ล็อกอิน คุณสามารถมีกิจกรรมร่วมกับเว็บไซต์ได้ แต่ต้องล็อกอินก่อน ::
  ล็อกอิน

รายการสื่อสารสนเทศ

ลำดับที่ ประเภท เลขเรียก/บาร์โค้ด สถานที่ สถานะ
1. การศึกษาทั่วไป
หนังสือสำรอง
สถานะ=หนังสือสำรอง
BJ 1528.T5 ก137ค ฉ.1 
  Barcode: 011046
ห้องสมุดวิทยาเขตสวรรค์ประชารักษ์
►หนังสือทั่วไป
บนชั้น
2. การศึกษาทั่วไป
การศึกษาทั่วไป
BJ 1528.T5 ก137ค ฉ.2 
  Barcode: 011047
ห้องสมุดวิทยาเขตสวรรค์ประชารักษ์
►หนังสือทั่วไป
บนชั้น
3. การศึกษาทั่วไป
การศึกษาทั่วไป
BJ 1528.T5 ก137ค ฉ.3 
  Barcode: 011048
ห้องสมุดวิทยาเขตสวรรค์ประชารักษ์
►หนังสือทั่วไป
บนชั้น

BibComment


ยังไม่เคยถูกคอมเมนท์

คอมเมนท์ทรัพยากรรายการนี้
  คอมเมนท์: คุณธรรมจริยธรรมใ..


 Copyright 2026. Bcnsprnw @Library